<?xml version="1.0" encoding="UTF-8"?>
<marc:record xmlns:marc="http://www.loc.gov/MARC21/slim">
   <marc:leader>00000nam a2200000 a 4500</marc:leader>
   <marc:datafield ind1="1" ind2=" " tag="100">
      <marc:subfield code="a">Jergitsch, Fritz</marc:subfield>
      <marc:subfield code="4">aut</marc:subfield>
      <marc:subfield code="e">Verfasser/-in</marc:subfield>
   </marc:datafield>
   <marc:datafield ind1="0" ind2="0" tag="245">
      <marc:subfield code="a">Heulen hilft uns auch nicht weiter</marc:subfield>
   </marc:datafield>
   <marc:datafield ind1="0" ind2="0" tag="245">
      <marc:subfield code="b">Populismus verstehen, Freiheit digital neu denken</marc:subfield>
   </marc:datafield>
   <marc:datafield ind1="0" ind2="0" tag="245">
      <marc:subfield code="c">Jergitsch, Fritz</marc:subfield>
   </marc:datafield>
   <marc:datafield ind1=" " ind2="1" tag="264">
      <marc:subfield code="a">Salzburg</marc:subfield>
      <marc:subfield code="b">Residenz</marc:subfield>
      <marc:subfield code="c">2026</marc:subfield>
   </marc:datafield>
   <marc:datafield ind1="1" ind2=" " tag="520">
      <marc:subfield code="a">Globalisierung und Digitalisierung haben Wohlstand gebracht – und zugleich Spaltung, Angst vor Statusverlust und politische Wut. Rechtspopulisten von Trump über Weidel bis Kickl nutzen diese Verwerfungen für einfache Antworten, die keine Lösungen sind. Dieses Buch zeigt, wie Globalisierung und soziale Medien den Populismus befeuern, und warum demokratische Parteien so schwach reagieren. Doch weil uns Heulen auch nicht weiterhilft, skizziert Fritz Jergitsch, Social-Media-Experte und Kommentator der Tagespolitik, einen neuen Liberalismus für das 21. Jahrhundert: mit fairer Teilhabe am Fortschritt, digitaler Demokratie und einem selbstbewussten Bekenntnis zu Freiheit und Rechtsstaat. Ein leidenschaftliches Plädoyer für die Erneuerung unserer Demokratie.</marc:subfield>
   </marc:datafield>
   <marc:datafield ind1=" " ind2=" " tag="020">
      <marc:subfield code="a">9783701736560</marc:subfield>
      <marc:subfield code="9">9783701736560</marc:subfield>
   </marc:datafield>
   <marc:datafield ind1=" " ind2=" " tag="020">
      <marc:subfield code="a">3701736561</marc:subfield>
      <marc:subfield code="9">3701736561</marc:subfield>
   </marc:datafield>
   <marc:datafield ind1=" " ind2=" " tag="041">
      <marc:subfield code="a">ger</marc:subfield>
   </marc:datafield>
   <marc:datafield ind1=" " ind2=" " tag="338">
      <marc:subfield code="a">Band</marc:subfield>
   </marc:datafield>
   <marc:datafield ind1=" " ind2=" " tag="300">
      <marc:subfield code="a">256 Seiten</marc:subfield>
   </marc:datafield>
</marc:record>
